00461cam a22001337a 4500008004000000020001800040100002200058245008300080260004600163300001000209650001500219999001900234952007400253180718b1992 xxu||||| |||| 00| 0 eng d a81 7054 164 6 aSharma, Ghanshyam aUttar pradesh sivil seva ka sangathan avaim karya-pranalicby Ghanshyam Sharma aNew DelhibCllasic Publishing Housec1992 a226p. aSivil seva c439126d439126 00104070aIIPAbIIPAd2010-04-23p72961r2018-07-21w2018-07-21yBK